000 003160000a22001330004500
041 0 _aSPA
082 0 4 _aG 863 G215c
100 1 _aGarcía Márquez, Gabriel (1928-)
245 1 0 _aCien años de soledad / Gabriel García Márquez
260 _aBogota : Oveja Negra
300 _a403 Pag
001 11638
942 _cBK
999 _c40854
_d40854